| 000 | 01521cam a2200397Ia 4500 | ||
|---|---|---|---|
| 001 | 41431 | ||
| 005 | 20230411085956.0 | ||
| 008 | 931118s1990 nyu b 000 0 spa d | ||
| 035 | _a(OCoLC)ocm29348829 | ||
| 040 |
_aPMU _cPMU _dEL$ _dDIBAM |
||
| 020 | _a9213301251 | ||
| 020 | _a9789213301258 | ||
| 035 | _a(OCoLC)29348829 | ||
| 043 | _ae-sw--- | ||
| 090 |
_aJX1965 _b.L6518 1990 |
||
| 049 | _aGRAL | ||
| 100 | 1 | _aLindgren, Karin. | |
| 245 | 1 | 0 |
_aParticipación de la mujer en la adopción de decisiones en pro de la paz : _bestudio monográfico sobre Suecia / _cKarin Lindgren. |
| 260 |
_aNueva York : _bNaciones Unidas, _c1990. |
||
| 300 |
_aii, 162 p. ; _c30 cm. |
||
| 500 | _a"El estudio fue preparado en 1988 por Karen Lindgren, del Departamento de Investigaciones sobre la Paz y los Conflictos..."--p. ii. | ||
| 500 | _a"ST/CSDHA/8."--T.p. verso. | ||
| 500 | _a"Nâum. de venta: S.89.IV.7."--T.p. verso. | ||
| 500 | _aAt head of t.p.: Oficina de la Naciones Unidas en Viena, Centro de Desarrollo Social y Asuntos Humanitarios. | ||
| 650 | 0 |
_aWomen and peace _xDecision making. |
|
| 650 | 0 |
_aWomen's rights _zSweden. |
|
| 651 | 0 |
_aSweden _xPolitics and government _y1973- |
|
| 650 | 0 | _aPeace. | |
| 650 | 4 | _aMujeres en Suecia | |
| 650 | 4 | _aMujeres en la polâitica | |
| 650 | 7 |
_aPARTICIPACION DE LA MUJER _zSUECIA. _2renib |
|
| 650 | 7 |
_aMUJERES Y PAZ. _2renib |
|
| 710 | 2 | _aCentre for Social Development and Humanitarian Affairs (United Nations) | |
| 942 |
_2lcc _cbk |
||
| 994 |
_aC0 _bDRFGD |
||
| 999 |
_c110320 _d110320 |
||